|
|
|
|
| LEADER |
00000nta a2200000 i 4500 |
| 001 |
dolg10746 |
| 005 |
20170906140939.0 |
| 008 |
170508suuuu hu om 000 hun d |
| 040 |
|
|
|a BGE Dolgozattár Repozitórium
|b hun
|
| 041 |
|
|
|a hu
|
| 100 |
1 |
|
|a Leskó Zita
|
| 245 |
1 |
2 |
|a A krónikus obstruktív tüdőbetegek terápiás együttműködésének fejlesztése
|c Leskó Zita
|h [elektronikus dokumentum]
|
| 246 |
1 |
1 |
|a A krónikus obstruktív tüdőbetegek terápiás együttműködésének fejlesztése
|
| 695 |
|
|
|a Copd
|
| 695 |
|
|
|a Adherencia
|
| 700 |
1 |
|
|a Eszes Dr István
|e ths
|
| 856 |
4 |
0 |
|u http://dolgozattar.uni-bge.hu/10746/1/BE2T6A.pdf
|z Dokumentum-elérés
|